Nhập môn về cơ sở dữ liệu quan hệ và lập trình SQL
Tài liệu giới thiệu các khái niệm CSDL căn bản, sau đó dạy cho bạn cách lưu trữ, truy xuất và xử lý dữ liệu, cách sử dụng SQL và PL/SQL. Bằng cách sử dụng Oracle9i làm một ví dụ, sách giới thiệu các kỹ thuật xử lý vá các bài tập để qu...
সংরক্ষণ করুন:
| প্রধান লেখক: | |
|---|---|
| বিন্যাস: | গ্রন্থ |
| ভাষা: | Undetermined |
| প্রকাশিত: |
Hà Nội
Thống kê
2005
|
| বিষয়গুলি: | |
| ট্যাগগুলো: |
ট্যাগ যুক্ত করুন
কোনো ট্যাগ নেই, প্রথমজন হিসাবে ট্যাগ করুন!
|
| Thư viện lưu trữ: | Trung tâm Học liệu Trường Đại học Cần Thơ |
|---|
| LEADER | 01232nam a2200205Ia 4500 | ||
|---|---|---|---|
| 001 | CTU_106427 | ||
| 008 | 210402s9999 xx 000 0 und d | ||
| 020 | |c 68700 | ||
| 082 | |a 005.756 | ||
| 082 | |b A425 | ||
| 100 | |a Allen, Christopher | ||
| 245 | 0 | |a Nhập môn về cơ sở dữ liệu quan hệ và lập trình SQL | |
| 245 | 0 | |c Christopher Allen, Simon Chatwin, Catherine A. Creary ; Xuân Toại, Gia Việt (dịch) | |
| 260 | |a Hà Nội | ||
| 260 | |b Thống kê | ||
| 260 | |c 2005 | ||
| 520 | |a Tài liệu giới thiệu các khái niệm CSDL căn bản, sau đó dạy cho bạn cách lưu trữ, truy xuất và xử lý dữ liệu, cách sử dụng SQL và PL/SQL. Bằng cách sử dụng Oracle9i làm một ví dụ, sách giới thiệu các kỹ thuật xử lý vá các bài tập để qua đó bạn có thể áp dụng các kỹ năng của mình vào các bối cảnh kinh doanh trong thế giới thực. | ||
| 650 | |a Query language (computer science),SQL (computer program language) | ||
| 904 | |i Nguyên, Hiếu (sửa) | ||
| 980 | |a Trung tâm Học liệu Trường Đại học Cần Thơ | ||